| 000 | 02726cam a2200493 i 4500 | ||
|---|---|---|---|
| 001 | 20419131 | ||
| 003 | BJBSDDR | ||
| 005 | 20241129111122.0 | ||
| 007 | ta | ||
| 008 | 180321s2018 nyua j b 000 0 eng c | ||
| 010 | _a 2018008020 | ||
| 020 | _a9780515158434 | ||
| 020 | _a0515158437 | ||
| 035 | _a(OCoLC)NEW | ||
| 040 |
_aLBSOR/DLC _beng _cLBSOR _erda _dDLC |
||
| 041 | _aeng | ||
| 042 | _apcc | ||
| 043 | _an-us-fl | ||
| 050 | 1 | 4 |
_aGV 1853.3 _bH758w 2018 |
| 082 | 0 | 0 | _a791.06/875924 |
| 100 | 1 |
_aHolub, Joan, _d1956- _937235 |
|
| 245 | 1 | 0 |
_aWhere is Walt Disney World? / _cby Joan Holub ; illustrated by Gregory Copeland. |
| 246 | 3 | _aWalt Disney World? | |
| 264 | 1 |
_aNew York, NY : _bPenguin Workshop, _c2018 |
|
| 300 |
_a108 pages : _billustrations, maps ; _c20 cm |
||
| 336 |
_atext _2rdacontent |
||
| 337 |
_aunmediated _2rdamedia |
||
| 338 |
_avolume _2rdacarrier |
||
| 490 | 1 | _aWhere is? | |
| 500 | _a"An Imprint of Penguin Random House." | ||
| 504 | _aIncludes bibliographical references. | ||
| 505 | 0 | _aWhere is Walt Disney World? -- Walt Disney -- Building Disney World -- Magic Kingdom -- Behind the scenes -- Epcot -- Animal Kingdom -- Hollywood Studios -- Changes and updates -- Water parks, parades, fireworks, and more -- After-the-Park fun -- Timelines. | |
| 520 |
_a"Building the most magical place on earth was no fairy tale. Learn the story behind the creation of Walt Disney World. In 1964, when Walt Disney and his brother Roy decided to build a second theme park in the Florida swamplands, they kept it super hush-hush. Why? Well, if word got out that they planned to buy up lots of land, the price would have skyrocketed. So the Disneys cleverly covered up their trail, avoiding the Orlando Airport and even using made-up names, like Walt and Roy Davis, for their flights. The deception worked. In covering the history of the "Most Magical Place On Earth," Joan Holub takes readers both behind the scenes and underneath the park (there are secret employee-only tunnels that form one big circle under the Magic Kingdom). Loaded with fun facts, this book is a great companion to Who Was Walt Disney?"-- _cProvided by publisher. |
||
| 521 | 1 | _a8-12 | |
| 650 | 0 |
_aAmusement parks _zFlorida _zOrlando _vJuvenile literature. |
|
| 650 | 4 |
_aParques de atracciones _zOrlando (Florida, Estados Unidos) _vLiteratura infantil _938527 |
|
| 651 | 0 |
_aWalt Disney World (Fla.) _xHistory _vJuvenile literature. |
|
| 651 | 4 |
_aWalt Disney World _xHistoria _zOrlando (Estados Unidos) _938528 |
|
| 700 | 1 |
_aCopeland, Gregory _eillustrator _937198 |
|
| 830 |
_aWhere is (Grosset & Dunlap), _937182 |
||
| 906 |
_a7 _bcbc _corignew _d1 _eecip _f20 _gy-gencatlg |
||
| 942 |
_2lcc _cBK |
||
| 946 | _irmza | ||
| 999 |
_c121590 _d121590 |
||